| 000 | 01117nam a2200229 i 4500 | ||
|---|---|---|---|
| 001 | 99874 | ||
| 003 | ES-MaACL | ||
| 005 | 20251005063101.0 | ||
| 007 | t| | ||
| 008 | 050919s1961 sp ||||1| spa d | ||
| 100 | 1 |
_aMartínez Olmedilla, Augusto, _d1880-1965 _978283 |
|
| 245 | 1 | 0 |
_aArriba el telón / _cA. Martínez Olmedilla ; con 645 ilustraciones y 8 láminas a todo color. |
| 260 |
_aMadrid : _bAguilar, _c1961. |
||
| 300 |
_a336 p. : _bil. col. y n. ; _c31 cm. |
||
| 490 | 1 | _aPanorama de un siglo | |
| 505 | 8 | _aContiene: Resurrección de "Don Juan Tenorio" ; Función de gala en Novedades ; El género españolísimo de la zarzuela ; Los "ases" de la zarzuela clásica ; Los libretistas de la zarzuela clásica ; El género bufo ; El teatro "de verso" ; El género chico ; La revista cómico-lírica ; El gran género lírico ; El género ínfimo ; El género exótico ; Los enemigos del teatro | |
| 650 | 7 |
_aTeatro- _zEspaña- _yS.XIX _2 _9141742 |
|
| 650 | 0 | 4 |
_aTeatro- _zEspaña- _yS.XX. _917307 |
| 830 | 1 |
_aPanorama de un siglo _9183835 |
|
| 852 |
_aES-MaACL _jC-19444 |
||
| 999 |
_c99874 _d99874 |
||